Základné pravidlá medzinárodného práva diplomová práca

Na minha lista:
Detalhes bibliográficos
Autor principal: Škodová, Lucia
Autor Corporativo: Fakulta medzinárodných vzťahov EU. Katedra medzinárodného práva
Outros Autores: Mráz, Stanislav
Formato: Livro
Idioma:eslovaco
Publicado em: Bratislava 2015
Tags: Adicionar Tag
Sem tags, seja o primeiro a adicionar uma tag!

MARC

LEADER 00000nbm a2200000 4500
001 0201170
005 20161212100030.0
041 0 |a slo 
044 |a SK 
245 1 0 |a Základné pravidlá medzinárodného práva  |b diplomová práca  |c Lucia Škodová ; školiteľ: Stanislav Mráz 
264 1 |a Bratislava  |c 2015 
300 |a 59 s. 
100 1 |a Škodová, Lucia 
700 1 |a Mráz, Stanislav 
710 2 |a Fakulta medzinárodných vzťahov EU. Katedra medzinárodného práva